00362nam a2200157Ia 4500008004100000020001500041041001200056082001100068100001600079245002500095250000800120260003900128300000800167650001400175700001500189221030s9999 xx 000 0 und d a8177587630 aEnglish a105.23 aT. L. Floyd 0aDigital Fundamentals a8th bPearson EdcuationaNew Delhic2009 a582 aComputers aR. P. Jain